000 00844nam a2200253Ia 4500
003 OSt
005 20220923221013.0
006 a|||||r|||| 00| 0
007 ta
008 220922b |||||||| |||| 00| 0 hin d
024 _a193,645
037 _cTextual
040 _aARTS
_cARTS
_bhin
041 _2hin
_ahin
082 _aQ1:g(Y), 152M3
100 _aजमाली, सतीश, संपा.
245 0 _aसमकालीन हिन्दी सृजनशीलता
246 _aSamakālīn hindī sṛujanashīlatā
260 _aइलाहाबाद
_b नई कहानी प्रका0
_c1983
300 _a384पृ.
_ccm.
650 _aधर्मशास्त्र
942 _hQ1:g(Y), 152M3
_cTEXL
_2CC
999 _c346093
_d346093